00742nam a2200253Ia 4500001000900000003000500009005001700014008004100031010001100072020002200083040000900105082002100114100002500135245010100160250001100261260004800272300001600320503000700336504002800343650002200371650003400393700002900427700003200456dia_3369CHAP20251023152656.0220117s2012 xx 000 0 und d a176993 a978-1-55581-636-0 cCHAP a576.163 M66 2012 aMontville, Thomas J. aFood microbiology : an introduction /c Thomas J. Montville, Karl R. Matthews y Kalmia E. Kniel a3a ed. aEstados Unidos de América :b ASM,c2012 axxi, 547 p. aC. aIncluye bibliografías aFood microbiology aMicrobiología alimentaria  aKniel, Kalmia E., coaut. aMatthews, Karl, R., coaut.